| 000 | 00405cam a2200169ua 4500 | ||
|---|---|---|---|
| 020 | _c120.00 | ||
| 041 |
_amal _h |
||
| 082 |
_a894.812301 _bKAF/KA |
||
| 100 | _aKafka, Franz . | ||
| 245 |
_aKafkayude kathakal / _cFranz Kafka. _hTextual Documents |
||
| 260 |
_aThrissur : _bCurrent Books , _c2007. |
||
| 300 | _a ; . | ||
| 365 | _a120.00 | ||
| 504 | _a | ||
| 942 | _cBK | ||
| 999 |
_c13527 _d13527 |
||